| 000 | 00893nam a22001935i 4500 | ||
|---|---|---|---|
| 001 | 163352 | ||
| 003 | ES-MaACL | ||
| 005 | 20240229062728.0 | ||
| 008 | 040903s18081814sp |||| | spa d | ||
| 080 | _a94(460)"1808/14" | ||
| 245 | 0 | 0 | _aResumen de los hechos más notables del emperador Napoleón manifestado a los franceses con las reflexiones oportunas a favor de la justa causa. |
| 260 |
_aReimpreso en Cádiz : _bpor D. Manuel Santiago de Quintana, _c[entre 1808-1814] |
||
| 300 |
_a8 p. ; _c20 cm. |
||
| 600 | 0 | 4 |
_aNapoleón _bI _c, Emperador de Francia. _984910 |
| 651 | 4 |
_aEspaña- _xHistoria- _y1808-1814, Guerra de la Independencia _98244 |
|
| 852 | 4 |
_aES-MaACL _jR-3318(3) _z- Enc. en un vol. facticio con otras obras formando "Miscelánea patriótica" |
|
| 856 | 4 |
_uhttp://bdh-rd.bne.es/viewer.vm?id=0000168761&page=1 _zBiblioteca Digital Hispánica |
|
| 999 |
_c163352 _d163352 |
||